000 00385nam a2200169Ia 4500
005 20250423100948.0
008 250422s9999 xx 000 0 und d
020 _a0- 486- 63948- 7
050 _aQC 176 .H27/
100 _aWalter, Harrison, A.
245 0 _aSolid state theory
260 _aNew York
260 _bDover Pub.
260 _c1979
300 _a554 p
942 _cBK
999 _c34869
_d34869